| 000 | 00699nam a22001817a 4500 | ||
|---|---|---|---|
| 999 |
_c61023 _d61023 |
||
| 005 | 20231207130700.0 | ||
| 008 | 231207s1980 ru ||||| |||| 00| 0 rus d | ||
| 041 | _arus | ||
| 080 | _a902 A-87 | ||
| 245 |
_aАрхеология Венгрии : _bКаменный век / _cОтв. ред. В.С.Титов, И. Эрдели. |
||
| 264 |
_aМ.: _bНаука, _c1980. |
||
| 300 |
_a418 с. : _bил. ; _c26 см. |
||
| 653 | _aუნგრეთის არქეოლოგია | ||
| 653 | _aქვის ხანა | ||
| 700 |
_aТитов, В.С. _eრედაქტორი _920612 |
||
| 700 |
_aЭрдели, И. _eრედაქტორი _920613 |
||
| 942 |
_2udc _cᲬᲘᲒᲜᲘ |
||